000 00816nab a2200241 u 4500
001 21643
003 HDC
007 cr bn ---aaaaa
008 210309b2015mmddmy d||ne |||| 00| 0 may d
040 _aHDC
245 0 _aPeruntukan RM500j galak IKS ceburi bidang IBS
_c/ Berita Harian
260 _aMalaysia:
_bNew Straits Times Press (M) Bhd.,
_c2015
300 _a1 online resource (page B2)
336 _atext
_2rdacontent
337 _acomputer
_2rdamedia
338 _aonline resource
_2rdacarrier
650 _aSmall business
_xFinance
_910982
710 _aBerita Harian
856 _zRequest full-text at [email protected]
942 _2lcc
942 _cNEWS
942 _kNWSC 002777
999 _c18959
_d18959